000 00926cam a2200289 4500
001 M1751
008 090401t1994 xxu||||| |||| 00| 0 eng d
035 _a(Sirsi) u34228
041 _aeng
050 _a614.87
245 _aSecurity planning and defensive design: RICS City Branch O.G.M ... 25th October 1994.
260 _aLondon
_c1994
300 _aca.50p. ; 30cm.
350 _a0
520 _aFOR REFERENCE ONLY: NOT TO BE LOANED OR PHOTOCOPIED. Background papers given at RICS City of London Branch O.G.M. For further details please refer to Library Correspondence file (Books) (letter dated 14/11/94)
650 _aBOMB SHELTERS
650 _aBOMBING
650 _aBOMBS
650 _aCITY OF LONDON BRANCH
650 _aEXPLOSIONS
650 _aGLAZING
650 _aLAMINATED GLASS
650 _aTERRORISM
690 _aBUILDING AND CONSTRUCTION-SECURITY
942 _n0
948 _c04/03/1997
999 _c89921
_d89921